Reflexiones acerca de investigaciones relacionadas con el reconocimiento y la aceptación de niños y niñas con discapacidad al interior de la familia / (Registro nro. 6022)

Detalles MARC
000 -LEADER
fixed length control field 02854nam a2200313 i 4500
005 - DATE AND TIME OF LATEST TRANSACTION
control field 20250329165510.0
007 - PHYSICAL DESCRIPTION FIXED FIELD--GENERAL INFORMATION
fixed length control field ta
008 - FIXED-LENGTH DATA ELEMENTS--GENERAL INFORMATION
fixed length control field 190415s2020 000 0 eng d
040 ## - CATALOGING SOURCE
Original cataloging agency CO-CtgCURN
Language of cataloging spa
Transcribing agency coctgcurn
Description conventions rda
082 0# - DEWEY DECIMAL CLASSIFICATION NUMBER
Classification number TSO 2020
Item number L583
100 1# - MAIN ENTRY--PERSONAL NAME
Personal name Leones Hernández, Carmen Cecilia,
Relator term author.
Relationship aut
245 10 - TITLE STATEMENT
Title Reflexiones acerca de investigaciones relacionadas con el reconocimiento y la aceptación de niños y niñas con discapacidad al interior de la familia /
Statement of responsibility, etc. Carmen Cecilia Leones Hernández; Carolina Castro de Avila; Hellen Vanessa Pérez Hernández; Keyla Margarita Periñan Vargas;Tutora: Janice Cecilia Domínguez Machado.
260 ## - PUBLICATION, DISTRIBUTION, ETC.
Place of publication, distribution, etc. Cartagena de Indias :
Name of publisher, distributor, etc. Corporación Universitaria Rafael Núñez,
Date of publication, distribution, etc. 2020.
260 #1 - PUBLICATION, DISTRIBUTION, ETC.
Place of publication, distribution, etc. Cartagena de Indias : :
Name of publisher, distributor, etc. Corporación Universitaria Rafael Nuñez,,
Date of publication, distribution, etc. 2020.
300 ## - PHYSICAL DESCRIPTION
Extent 153 hojas.
336 ## - CONTENT TYPE
Content type term text
Content type code txt
Source rdacontent
337 ## - MEDIA TYPE
Media type term unmediated
Media type code n
Source rdamedia
338 ## - CARRIER TYPE
Carrier type term volume
Carrier type code nc
Source rdacarrier
504 ## - BIBLIOGRAPHY, ETC. NOTE
Bibliography, etc. note Trabajo de grado (Trabajo social). Corporación Universitaria Rafael Nuñez. Facultad de Ciencias sociales y humanas. Trabajo social, 2020.
520 ## - SUMMARY, ETC.
Summary, etc. "El presente documento tiene como objetivo revisar investigaciones que se han llevado acabo con relación al reconocimiento y a la aceptación de niños y niñas con discapacidad al interior de la familia. La investigación se enfocará en una revisión documental de tipo informativa, con fuentes de información como la documentación impresa y electrónica. De igual forma se generará un análisis, desde los diversos documentos que guardan relación con los temas de discapacidad y familia. Se centrará en los planteamientos de autores para generar una reflexión crítica. Se relacionarán algunas normas internacionales y de orden interno acogidas y establecidas por el estado colombiano que hacen referencia al tema de estudio. Al examinar la documentación relacionada con el tema de investigación, se profundizará en las bases teóricas, lo que permitirá ofrecer una mirada integral desde lo disciplinar con relación a la percepción de las familias frente a la discapacidad, las posturas acerca del reconocimiento y la aceptación de la discapacidad y los aspectos positivos y negativos que genera la discapacidad en la familia.. "
650 #0 - SUBJECT ADDED ENTRY--TOPICAL TERM
Topical term or geographic name entry element Trabajo social
Form subdivision Tesis y disertaciones academicas.
700 1# - ADDED ENTRY--PERSONAL NAME
Personal name Castro de Avila, Carolina.
700 1# - ADDED ENTRY--PERSONAL NAME
Personal name Pérez Hernández, Hellen Vanessa.
700 1# - ADDED ENTRY--PERSONAL NAME
Personal name Periñan Vargas, Keyla Margarita.
700 1# - ADDED ENTRY--PERSONAL NAME
Personal name Domínguez Machado, Janice Cecilia,
Relator term Tutora.
856 ## - ELECTRONIC LOCATION AND ACCESS
Uniform Resource Identifier <a href="https://unicurn.sharepoint.com/:b:/s/biblioteca/EVwVH26IFwZFqdzAflDmtPgBgmYXPbEgo73rCtarhU-HRg?e=gqUlne">https://unicurn.sharepoint.com/:b:/s/biblioteca/EVwVH26IFwZFqdzAflDmtPgBgmYXPbEgo73rCtarhU-HRg?e=gqUlne</a>
Public note Click aqui para ver el recurso en texto completo
942 ## - ADDED ENTRY ELEMENTS (KOHA)
Source of classification or shelving scheme Dewey Decimal Classification
Institution code [OBSOLETE] MHC
-- MHC
Koha item type Trabajos de grado
Classification part TSO 2020
Item part L583
Existencias
Withdrawn status Lost status Source of classification or shelving scheme Damaged status Not for loan Collection Home library Current library Shelving location Date acquired Source of acquisition Cost, normal purchase price Inventory number Total checkouts Full call number Barcode Date last seen Price effective from Koha item type
    Dewey Decimal Classification     Trabajos de grado Miguel Henríquez Castañeda Miguel Henríquez Castañeda Trabajo de grado 06/01/2019 El autor 350000.00 023369   TSO 2020 L583 023369 06/20/2019 06/20/2019 Trabajos de grado